| 000 | 00993cam a22002894a 4500 | ||
|---|---|---|---|
| 001 | 2104 | ||
| 003 | BD-RjUL | ||
| 005 | 20211208233501.0 | ||
| 008 | 131210m20102006ii ab b 001 0 eng | ||
| 020 | _a9780195684308 (pbk.) | ||
| 020 | _a0195684303 (pbk.) | ||
| 035 | _a(BD-RjUL)2131 | ||
| 040 |
_aDLC _cDLC _dDLC _dBD-RjUL _beng |
||
| 041 | _aeng | ||
| 082 | 0 | 4 |
_223 _a330.954 _bROE 2010 |
| 100 | 1 |
_aRoy, Tirthankar. _96888 |
|
| 245 | 1 | 4 |
_aThe economic history of India, 1857-1947 / _cTirthankar Roy. |
| 250 | _a2nd ed. | ||
| 260 |
_aNew Delhi : _bOxford University Press, _cc2006 [Impression 2009-2010]. |
||
| 300 |
_axv, 385 p. : _bill. ; _c22 cm. |
||
| 500 | _aOriginally published: New Delhi : Oxford University Press, 2000. | ||
| 504 | _aIncludes bibliographical references and index. | ||
| 651 | 0 |
_aIndia _xEconomic conditions _y19th century _vTextbooks. _96889 |
|
| 651 | 0 |
_aIndia _xEconomic conditions _y20th century _vTextbooks. _96890 |
|
| 942 |
_2ddc _cBK |
||
| 999 |
_c2104 _d2104 |
||